00338nam a2200133Ia 4500008004000000020001800040082001800058100001700076245004000093250000500133260004100138300001100179650001400190210210b2001 xxu||||| |||| 00| 0 eng d a0 297 64604 4 a796.3583 SMIC aSMITH (Tom). aCricket umpiring and scoring. Ed 5. a aLondon.bWeidenfeld & Nicolsonc2001 axv,272 aCricket